[Event "AZE-ch Women 2019"]
[Site "Baku"]
[Date "2019.02.08"]
[Round "5.9"]
[White "Hajiyeva, Laman"]
[Black "Hajiyeva, Altunay"]
[Result "1-0"]
[WhiteElo "2040"]
[BlackElo "1315"]
[Annotator "NA RC"]
[PlyCount "73"]
[EventDate "2019.02.04"]
[EventType "swiss"]
[EventCountry "AZE"]
[SourceTitle "playchess.com"]
[Source "ChessBase"]
[SourceQuality "1"]
[TimeControl "40/5400+30:1800+30"]

1. d4 {[%emt 0:00:00]} d5 {[%emt 0:00:00]} 2. c4 {[%emt 0:00:00]} c6 {[%emt 0:00:00]} 3. Nf3 {[%emt 0:00:00]} Nf6 {[%emt 0:00:00]} 4. e3 {[%emt 0:00:00]} e6 {[%emt 0:00:00]} 5. Nbd2 {[%emt 0:00:00]} Bd6 $146 {[%emt 0:00:09]} ({Predecessor:} 5... Nbd7 6. Bd3 Bd6 7. O-O O-O 8. e4 dxe4 9. Nxe4 Nxe4 10. Bxe4 f5 11. Bc2 {1-0 (24) Lysyj,I (2668)-Ivanov,O (2155) Cheboksary 2016}) 6. Bd3 {[%emt 0:00:00] D30: Queen's Gambit Declined: Systems without Nc3} h6 {[%emt 0:00:06]} 7. O-O {[%emt 0:00:00]} Nbd7 {[%emt 0:00:26]} 8. e4 {[%emt 0:00:06]} dxe4 {[%emt 0:00:20]} 9. Nxe4 {[%emt 0:00:03]} Nxe4 {[%emt 0:11:16]} 10. Bxe4 {[%emt 0:00:06]} f5 {[%emt 0:02:29]} 11. Bc2 {[%emt 0:01:11]} O-O {[%emt 0:07:13]} 12. Re1 {[%emt 0:00:53]} Qf6 {[%emt 0:16:15]} 13. c5 {[%emt 0:02:19]} Bc7 {[%emt 0:02:57]} 14. Rxe6 {[%emt 0:02:45]} Qd8 {[%emt 0:14:24]} 15. Bb3 {[%emt 0:00:54]} Kh7 {[%emt 0:03:20]} ({Predecessor:} 15... Kh8 16. Re1 Nf6 17. Bd2 Ne4 18. Bc3 Ng5 19. d5 cxd5 20. Bxd5 Nxf3+ 21. Qxf3 Rb8 22. Rad1 Qh4 23. g3 Qh3 24. Re7 {1-0 (24) Lysyj,I (2668)-Ivanov,O (2155) Cheboksary 2016}) 16. Ng5+ {[%emt 0:03:36]} Kh8 {[%emt 0:06:00]} 17. Re1 {[%emt 0:02:37]} Ne5 {[%emt 0:05:51]} 18. dxe5 {[%emt 0:01:36]} Qxd1 {[%emt 0:06:26]} 19. Bxd1 {[%emt 0:00:06]} hxg5 {[%emt 0:00:55]} 20. Bxg5 {[%emt 0:00:05]} Be6 {[%emt 0:09:08]} 21. Bb3 {[%emt 0:02:03]} Rfe8 {[%emt 0:02:48]} 22. f4 $18 {[%emt 0:01:14]} a5 {[%emt 0:07:18]} 23. Bxe6 {[%emt 0:00:43]} Rxe6 {[%emt 0:00:03]} 24. Rad1 {[%emt 0:00:06]} a4 {[%emt 0:05:16]} 25. Rd7 {[%emt 0:02:06]} Ba5 {[%emt 0:00:33]} 26. Red1 {[%emt 0:00:28]} b5 {[%emt 0:00:23]} 27. a3 {[%emt 0:00:29]} b4 {[%emt 0:01:30]} 28. Rb7 {[%emt 0:00:32]} bxa3 29. bxa3 {[%emt 0:00:13]} Bc3 {[%emt 0:03:44]} 30. Rd3 {[%emt 0:00:56]} Ba5 {[%emt 0:00:39]} 31. Rdd7 {[%emt 0:00:12]} Rg8 {[%emt 0:00:22]} 32. Ra7 {[%emt 0:00:27]} Bc3 {[%emt 0:00:33]} 33. Rd3 {[%emt 0:00:05]} Ba1 {[%emt 0:00:22]} 34. Rh3+ {[%emt 0:00:05]} Rh6 {[%emt 0:00:15]} 35. Bxh6 {[%emt 0:00:16]} Bd4+ {[%emt 0:00:24]} 36. Kf1 {[%emt 0:00:05]} gxh6 {[%emt 0:00:31]} 37. Rxh6# {[%emt 0:00:02]} 1-0